000 00295nam a22001337a 4500
008 170530b xxu||||| |||| 00| 0 eng d
020 _a9780307265852
041 _aeng
080 _a94
100 _a17
101 _aSHH
245 _aTHREE ARMIES ON THE SOMME
_cPHILPOTT,W
942 _2udc
_cBK
999 _c14996
_d14996